Les villes françaises par leurs noms anciens! - Statistiques

Statistiques générales
  • Ce quiz a été pris 185 fois
  • Le résultat moyen est 32 sur 67
Statistiques - réponses
Ancien nom Nom actuel % Correct
Massilia Marseille
95%
Lugdunum Lyon
94%
Lutéce,Romains Lutetia ou Lutetia Parisiorum Paris
94%
Nikaia, Nizza ou Nizza Marittima Nice, Nissa ou Nica
93%
Tolosa Toulouse
91%
Annecy-le Neuf ou Annecy-le-Vieux Annecy
89%
Burdigala Bordeaux
87%
Duinkerk Dunkerque
85%
L'Isle Lille
84%
Namnètes/Namnetum Nantes
81%
Condate, Riedones ou Redones Rennes
81%
Samarobriva, AMbiens ou Ambon Amiens
80%
Viaricus ou Beariz Biarritz
80%
Narbo Narbonne
80%
Augustonemetum, Arvernis ou Clermont Clermont-Ferrand
79%
Nanceiacum Nancy
79%
Canoa, Canua, Portu Canue ou Canna Cannes
77%
Aquae Sextiae ou Aquis in Provincia Aix-en-Provence
76%
Mülhausen, Mulinhuson ou Stadtrepublik Mülhausen Mulhouse
74%
Caesarodunum, Turons, Tourangeaux ou Tourangelles Tours
72%
Fort-Royal, Fort-de-la-République ou République-Ville Fort-de-France
70%
Cougnes,s Rocella, Roscella ,Rochella, Reditum Rochellae ou Rupella La Rochelle
70%
Sainct Pierre Saint-Pierre (Saint-Pierre-et-Miquelon)
69%
Honnefleu, Hunefleth, Hunefloth, Honneflo ou Honflue Honfleur
66%
Mons Pessulus,Mons Pistillarius ou Mons Puellarum Montpellier
62%
Pitre à la pointe ou Port-de-la-Liberté Pointe-à-Pitre
62%
Argentoratum Strasbourg
62%
Calesium, Kales ou Kaleeis Calais
60%
Durocortorum ou Rementium Reims
60%
Cularo, Gratianopolis ou Grelibre Grenoble
57%
Telo Martius Toulon
57%
Antipolis Antibes
56%
Gesogribates ou Bravates Brest
55%
Cenabum, Genabum ou Aurelianum Orléans
52%
Auenion, Aouennion ou Avennĭo Cavarum Avignon ou Avinhon
49%
Carcaso Volcarum Tectosage Carcassonne ou Carcassona
46%
Compendium, Compains ou Marat-sur-Oise Compiègne
45%
Lapurdum, Lapurdanum ou Labourd Bayonne
42%
Warge Allein ou Versare Versailles
42%
Baeterrae Béziers
35%
Vindinon ou Vindunum Le Mans
33%
Αυγουστοβονα, Tricassium, Augustobonam ou Treche Troyes
30%
Rusbaci Roubaix
28%
Virodunum ou Verodunum Verdun
28%
Blascon, Agathé Tyché, Agathé Polis ou Agatha Agde
27%
Nanu, Paofai ou Wilks' Harbour Papeete
27%
Port-de-France Nouméa, Numeá, Numea ou Numeia
26%
Caourou Kourou
25%
Nemetocenna ou Nemetacum Atrebatum Arras
23%
Mont Cépérou Cayenne
21%
Domrémy Domrémy-la-Pucelle
16%
Fossae Marianae Fos-sur-Mer
16%
Lorus Lourdes
16%
Torpes Saint-Tropez
16%
Kaweni, Mtsapéré, Choa ou Pointe Mahabou Mamoudzou
15%
Maritima Avaticorum Martigues
14%
Mons Othonis Menton
13%
Olbia Hyères
11%
Condatomagus, Millavensis, Amiliavense ou Amilianensi Millau
9%
Augustodurum ou Baiocassium Bayeux
8%
Vall de Cervera Cerbère ou Cervera de la Marenda
6%
Catalaunum, Cathalaunum ou Civitas catuuellaunorum) Châlons-en-Champagne
6%
Lexovii ou Noviomagus Lexoviorum Lisieux
4%
Exsa, Exa, Agse, Egse ou Aginesheim. Eguisheim
3%
Le Carénage Gustavia
3%
Sophia Antipolis Valbonne ou Vaubona
3%
Aulinagan Saint-Louis de Marie-Galante
2%
Aucun quiz correspondant
Distribution des résultats
% des personnes avec chaque résultat
Percentile par nombre de réponses
Votre historique - résultats
Vous n’avez pas pris ce quiz